• 首页
  • 本馆介绍
  • 公告通知
  • 最新文献
  • 馆藏检索
  • 电子资源
  • 读者导购
  • 参考咨询
  • 我的图书馆
  • 登录
  • 详细信息显示
  • 放入我的书架
  • 预约/预借图书
  • 作者相关作品
  • 分类相关作品
  • 丛书相关作品
  • 出版社相关作品

书目信息

  • 表格格式
  • 工作单格式
  • 卡片格式
题名:
局部封闭
    
 
作者: 陈德松 主编
分册:  
出版信息: 上海   上海科学技术出版社  2021
页数: 169页
开本: 26cm
丛书名:
单 册:
中图分类: R459.2 , R45
科图分类:
主题词: 封闭疗法
电子资源:
ISBN: 978-7-5478-5027-5
000 00975nam0 2200253 450
001 2170904021
005 20211116194150.70
010    @a978-7-5478-5027-5@b精装@dCNY98.00
100    @a20201217d2021 em y0chiy50 ea
101 0  @achi
102    @aCN@b310000
105    @aa z 000yy
200 1  @a局部封闭@9ju bu feng bi@dLocal block@f陈德松主编@zeng
205    @a2版
210    @a上海@c上海科学技术出版社@d2021
215    @a169页@c图,照片@d26cm
330    @a本书主要介绍了哪些常见疾病可做封闭治疗,如何打好局部封闭;叙述了封闭用药物,主要是激素的药理,以及激素对局部、内分泌和骨质疏松的影响;阐述了多种常见病的局部封闭方法、局部封闭的最佳配伍和利用局部封闭作为辅助治疗的有效措施;同时还介绍了可以用局部封闭对一些病痛进行诊断和鉴别诊断,以及病变的定位。
510 1  @aLocal block@zeng
606 0  @a封闭疗法
690    @aR459.2@v5
690    @aR45@v4
701  0 @a陈德松@9chen de song@f(1947.3-)@4主编
801  0 @aCN@b山东中教@c20211112
905    @aZUCC@dR45@e16
    
    局部封闭=Local block/陈德松主编.-2版.-上海:上海科学技术出版社,2021
    169页:图,照片;26cm
    
    
    ISBN 978-7-5478-5027-5(精装):CNY98.00
    本书主要介绍了哪些常见疾病可做封闭治疗,如何打好局部封闭;叙述了封闭用药物,主要是激素的药理,以及激素对局部、内分泌和骨质疏松的影响;阐述了多种常见病的局部封闭方法、局部封闭的最佳配伍和利用局部封闭作为辅助治疗的有效措施;同时还介绍了可以用局部封闭对一些病痛进行诊断和鉴别诊断,以及病变的定位。
●
相关链接 在五车中查询图书 在当当中查询图书 在豆瓣中查询图书


正题名:局部封闭     索取号:R45/16         预约/预借

序号 登录号 条形码 馆藏地/架位号 状态 备注
1 2000889525   2000889525   第三书库/ [索取号:R45/16] 在馆    
2 2000889526   2000889526   第三书库/ [索取号:R45/16] 在馆    
3 2000889527   2000889527   第三书库/ [索取号:R45/16] 在馆    
山东省滨州职业学院图书馆 欢迎您!
大连网信软件有限公司© 版权所有